| 000 | 00556 a2200193 4500 | ||
|---|---|---|---|
| 005 | 20260225095427.0 | ||
| 008 | 260224b |||||||| |||| 00| 0 eng d | ||
| 020 |
_a9789390016594 _cRs. 650.00 |
||
| 040 | _aMAIN | ||
| 082 |
_a796.076137046 _bS79Y |
||
| 100 | _aSuryawanshi, Sonali B Sirbhate | ||
| 245 | _aYogic practices for working women | ||
| 260 |
_bSports Publication _c2026 _aNew Delhi |
||
| 300 | _aix, 134 | ||
| 650 | _aWorking Women- Health and Hygiene | ||
| 650 | _aStress Management | ||
| 650 | _aWomen- Health and Fitness | ||
| 942 | _cBK | ||
| 999 |
_c396216 _d396216 |
||